APEC Schools

The Grolier children's encyclopedia vol. 1 (Record no. 8678)

000 -LEADER
fixed length control field nam a22 7a 4500
005 - DATE AND TIME OF LATEST TRANSACTION
control field 20200206024404.0
008 - FIXED-LENGTH DATA ELEMENTS--GENERAL INFORMATION
fixed length control field 200206b xxu||||| |||| 00| 0 eng d
020 ## - IDENTIFIER FOR THE MANIFESTATION
Identifier for the Manifestation 0753403110
Binding hard bound
040 ## - CATALOGING SOURCE
Language of Cataloging eng
Transcribing Agency APEC Schools Library
Description Conventions rda
082 ## - DEWEY DECIMAL CLASSIFICATION NUMBER
Classification number Ref 301
Author's Number G875 1998
245 ## - TITLE AND STATEMENT OF RESPONSIBILITY
Preferred Title Proper The Grolier children's encyclopedia vol. 1
264 ## - PUBLICATION STATEMENT
Place of publication, distribution, etc London England :
Publisher's Name/Parallel Publisher's Name Kingfisher Publications Plc.,
Copyright ©1998.
300 ## - PHYSICAL DESCRIPTION
Extent 48 pages :
Illustrative Content colored illustrations ;
336 ## - RDA CONTENT
Source rdacontent
Content Type text
337 ## - RDA MEDIA
Source rdamedia
Media Type unmediated
338 ## - RDA CARRIER
Source rdacarrier
Carrier Type volume
650 ## - ADDED SUBJECT ACCESS POINT - TOPICAL TERM
Topical Term Children's encyclopedias and dictionaries.
942 ## - ADDED ENTRY ELEMENTS (KOHA)
Source of Classification
Koha Item Type Reference
Holdings
Library Site Location Shelving Location Source of Acquisition Full Classification Number Accession Number Koha Item Type
APEC Sta. Rita Library APEC Sta. Rita Library Reference Donation Ref 031 G875 1998 B02-0000011D Reference

Powered by Koha